000
00289nam a22001217a 4500
008
170621b xxu||||| |||| 00| 0 eng d
041
_a
eng
080
_a
94
100
_a
18
101
_a
SHH
245
_a
NEW REFLECTIONS ON THE REVOLUTION OF OUR TIME
_c
LACLAU.E
942
_2
udc
_c
BK
999
_c
18559
_d
18559